| 000 | 00608nam a2200205 a 4500 | ||
|---|---|---|---|
| 005 | 20210223124359.0 | ||
| 008 | 010918s1994 es r 000 0 spa d | ||
| 020 | _a848636826X | ||
| 035 | _aUPN01000111732 | ||
| 049 | _aCG | ||
| 050 | 4 |
_aLC3993.2 _bP7.6 1994 |
|
| 245 | 0 | 0 |
_aProblemática del niño superdotado / _ccoord. Yolanda Benito Mate. |
| 250 | _a2a ed. | ||
| 260 |
_aSalamanca, Esp. : _bAmarú, _c1994. |
||
| 300 |
_a227 p. : _bil. |
||
| 440 | 0 |
_aC.C de la educación ; _v15 |
|
| 650 | 4 |
_aNIÑOS TALENTOSOS - _xEDUCACION _914853 |
|
| 700 | 1 |
_aBenito Mate, Yolanda, _ecoord. _932045 |
|
| 905 | _aLibro | ||
| 999 |
_c85640 _d85640 |
||